Les candidats de Koh Lanta avec plus de 10 votes contre eux - Statistiques

Statistiques générales
  • Ce quiz a été pris 68 fois
  • Le résultat moyen est 39 sur 97
Statistiques - réponses
Numéro de la saison Intitulé de la saison Candidats Nombre de votes contre eux % Correct
24 Le Feu Sacré Tania 36
79%
23 Le Totem Maudit Maxime 17
67%
AS6 La Légende Maxime 10
67%
AS6 La Légende Ugo 14
65%
26 La Tribu Maudite Ugo 14
65%
16 L'île au Trésor Lau 10
60%
AS5 L'île des Héros Eric 28
58%
15 Thaïlande Pascal 12
58%
AS6 La Légende Clémence 22
56%
22 Les Armes Secrètes Magali 15
54%
16 L'île au Trésor Freddy 12
52%
9 Palau Freddy 10
52%
26 La Tribu Maudite Frédéric 13
52%
16 L'île au Trésor Alexandra 11
50%
11 Raja Ampat Alexandra 10
50%
23 Le Totem Maudit Alexandra 10
50%
AS6 La Légende Alix 19
50%
AS4 Le Combat des Héros Clémentine 10
50%
20 La Guerre des Chefs Cyril 19
50%
27 La Revanche des 4 Terres Naïs 20
50%
12 Malaisie Brice 12
48%
AS5 L'île des Héros Charlotte 16
48%
26 La Tribu Maudite Marie 13
48%
14 Johor Sébastien 11
48%
25 Les Chasseurs d'Immunités Sébastien 11
48%
3 Bocas Del Toro Sébastien 10
48%
9 Palau Isabelle 12
46%
14 Johor Isabelle 12
46%
2 Nicoya Isabelle 10
46%
12 Malaisie Namadia 12
46%
18 Fidji Romain 12
46%
15 Thaïlande Romain 10
46%
23 Le Totem Maudit Stéphanie 27
46%
AS5 L'île des Héros Ahmad 13
44%
AS4 Le Combat des Héros Jérémy 17
44%
16 L'île au Trésor Jérémy 12
44%
11 Raja Ampat Martin 12
44%
27 La Revanche des 4 Terres Adrien 14
42%
25 Les Chasseurs d'Immunités Amri 17
42%
27 La Revanche des 4 Terres Andréa 15
42%
21 Les 4 Terres Angélique 16
42%
10 Vietnam Aurélie 14
42%
14 Johor Jeff 10
42%
25 Les Chasseurs d'Immunités Léa 10
42%
12 Malaisie Myriam 20
42%
27 La Revanche des 4 Terres Noémie 20
42%
23 Le Totem Maudit Yannick 20
42%
6 Vanuatu Alain 10
40%
26 La Tribu Maudite Cassandre 12
40%
14 Johor Christophe 16
40%
18 Fidji Magalie 10
40%
6 Vanuatu Nathalie 14
40%
AS4 Le Combat des Héros Nathalie 12
40%
26 La Tribu Maudite Sarah 21
40%
15 Thaïlande Lolo 13
38%
AS3 La Revanche des Héros Maud 10
38%
7 Palawan Patrick 16
38%
26 La Tribu Maudite Lola 10
37%
26 La Tribu Maudite Mélissa 12
37%
14 Johor Mélissa 11
37%
9 Palau Kader 18
35%
18 Fidji Marvyn 23
35%
AS5 L'île des Héros Pholien 13
35%
11 Raja Ampat Ella 10
33%
27 La Revanche des 4 Terres Joana 14
33%
18 Fidji Marguerite 18
33%
23 Le Totem Maudit Setha 14
33%
12 Malaisie Thierry 11
33%
22 Les Armes Secrètes Thomas 12
33%
15 Thaïlande Amir 12
31%
21 Les 4 Terres Aubin 10
31%
4 Panama Catherine 15
31%
6 Vanuatu Catherine 10
31%
26 La Tribu Maudite Fabrice 15
31%
5 Pacifique Francis 11
31%
21 Les 4 Terres Jody 10
31%
17 Cambodge Kelly 16
29%
10 Vietnam Véronique 11
29%
22 Les Armes Secrètes Arnaud 11
27%
8 Caramoan Hakim 14
27%
4 Panama Linda 11
27%
11 Raja Ampat Patricia 16
27%
17 Cambodge Marjorie 12
25%
18 Fidji May 15
25%
25 Les Chasseurs d'Immunités Océane 10
25%
12 Malaisie Elodie 12
23%
22 Les Armes Secrètes Elodie 10
23%
21 Les 4 Terres Marie-France 10
23%
24 Le Feu Sacré Rudy 10
23%
4 Panama Sophie 11
23%
14 Johor Charlaine 11
21%
8 Caramoan Charlène 10
21%
1 Les Aventuriers de Koh Lanta Michèle 18
21%
7 Palawan Pascale 12
21%
9 Palau Raphaële 14
21%
5 Pacifique Sakhone 12
21%
2 Nicoya Jacky 10
17%
Aucun quiz correspondant
Distribution des résultats
% des personnes avec chaque résultat
Percentile par nombre de réponses
Votre historique - résultats
Vous n’avez pas pris ce quiz